| 000 | 00948nam a2200265 i 4500 | ||
|---|---|---|---|
| 001 | 13470 | ||
| 003 | ES-MaACL | ||
| 005 | 20250928103902.0 | ||
| 007 | t| | ||
| 008 | 980415s1962 sp ||||1| spa d | ||
| 080 | _a929 Isidro, Santo | ||
| 080 | _a929 María de la Cabeza, Santa | ||
| 080 | _a235.3(464.1 M.)(064.3) | ||
| 245 | 0 | 4 |
_aLos santos patronos de Madrid _b: [Exposición, Museo Municipal de Madrid, mayo-julio 1962]. |
| 260 |
_aMadrid : _bAyuntamiento de Madrid, _c1962. |
||
| 300 |
_a32 p.,[20] p. de lám. ; _c22 cm. |
||
| 600 | 0 | 4 |
_aIsidro, _cSanto- _xCulto- _zMadrid- _vExposiciones _965571 |
| 600 | 1 | 4 |
_aMaría de la Cabeza _cSanta- _xCulto- _zMadrid- _vExposiciones. _976662 |
| 655 | 7 |
_2tgfbne _9193628 _aCatálogos de exposiciones |
|
| 710 | 2 |
_aMuseo Municipal de Madrid _95892 |
|
| 710 | 1 |
_aMadrid. _bAyuntamiento _9234069 |
|
| 852 |
_aES-MaACL _jL-20799 _bR.126519 |
||
| 942 | _2udc | ||
| 999 |
_c13470 _d13470 |
||